[Event "Scarborough CC ch reserves"]
[Site "Toronto CAN"]
[Date "2007.02.08"]
[Round "6"]
[White "Lung, Stephen"]
[Black "Moran, Mario"]
[Result "1/2-1/2"]
[WhiteElo "1559"]
[BlackElo "1751"]
[PlyCount "72"]
[GameId "2160767910739564"]
[EventDate "2007.01.04"]
[EventType "swiss"]
[EventRounds "9"]
[EventCountry "CAN"]
[SourceTitle "EXT 2022"]
[Source "ChessBase"]
[SourceDate "2021.10.06"]
[SourceVersion "1"]
[SourceVersionDate "2021.10.06"]
[SourceQuality "1"]

1. e4 c5 2. Nf3 d6 3. d4 cxd4 4. Nxd4 Nf6 5. Nc3 a6 6. Be2 Nc6 7. O-O Bd7 8. Be3 e6 9. Qd2 Be7 10. a3 O-O 11. Rfd1 Rc8 12. Rac1 Ne5 13. f3 Nc4 14. Bxc4 Rxc4 15. Qd3 Rc8 16. Nb3 e5 17. Bg5 Be6 18. Bxf6 gxf6 19. Nd5 Bxd5 20. Qxd5 Qb6+ 21. Kh1 Kh8 22. c3 Rc6 23. Rc2 Qb5 24. Qxb5 axb5 25. Rd5 Rb6 26. Nd2 Rc8 27. g3 Kg7 28. Nf1 b4 29. axb4 Rxb4 30. Ne3 Rb6 31. Nf5+ Kf8 32. Rcd2 Rd8 33. Kg2 Ke8 34. Nxe7 Kxe7 35. f4 Ra8 36. Rc2 Ra2 1/2-1/2

[Event "Scarborough CC ch reserves"]
[Site "Toronto CAN"]
[Date "2007.02.08"]
[Round "6"]
[White "Mesiti, Silvano"]
[Black "Sherman, Joshua"]
[Result "1-0"]
[WhiteElo "1782"]
[BlackElo "1700"]
[PlyCount "75"]
[GameId "2160767910739565"]
[EventDate "2007.01.04"]
[EventType "swiss"]
[EventRounds "9"]
[EventCountry "CAN"]
[SourceTitle "EXT 2022"]
[Source "ChessBase"]
[SourceDate "2021.10.06"]
[SourceVersion "1"]
[SourceVersionDate "2021.10.06"]
[SourceQuality "1"]

1. e4 e5 2. Nf3 Nc6 3. Bc4 Nf6 4. Ng5 d5 5. exd5 Nd4 6. Nc3 Bf5 7. d3 Bd6 8. Nge4 O-O 9. Bg5 Be7 10. Qd2 h6 11. Be3 c5 12. f3 a6 13. a4 Qd7 14. O-O Rab8 15. Kh1 b5 16. axb5 axb5 17. Ba2 b4 18. Nxf6+ Bxf6 19. Ne4 Be7 20. Bc4 Rfc8 21. Ra6 Bg6 22. Rfa1 Kh7 23. R1a5 f5 24. d6 fxe4 25. dxe7 Qxe7 26. fxe4 Qf8 27. Kg1 Bh5 28. Ra1 Ne2+ 29. Kh1 Ra8 30. Qe1 Rxa6 31. Rxa6 Qe7 32. Qf2 Rf8 33. Qe1 Qh4 34. Ra1 Qf6 35. Bxc5 Bf3 36. Bxf8 Bxg2+ 37. Kxg2 Qf3+ 38. Kxf3 1-0

[Event "Scarborough CC ch reserves"]
[Site "Toronto CAN"]
[Date "2007.02.08"]
[Round "6"]
[White "Perez, Michael"]
[Black "Roe, Jim"]
[Result "1/2-1/2"]
[WhiteElo "1673"]
[BlackElo "1560"]
[PlyCount "98"]
[GameId "2160767910739567"]
[EventDate "2007.01.04"]
[EventType "swiss"]
[EventRounds "9"]
[EventCountry "CAN"]
[SourceTitle "EXT 2022"]
[Source "ChessBase"]
[SourceDate "2021.10.06"]
[SourceVersion "1"]
[SourceVersionDate "2021.10.06"]
[SourceQuality "1"]

1. d4 d5 2. c4 e6 3. Nf3 Nf6 4. Nc3 Be7 5. e3 O-O 6. b3 Nbd7 7. Bd3 c5 8. O-O b6 9. Bb2 cxd4 10. exd4 Bb7 11. Re1 Bd6 12. Ne5 g6 13. Qd2 Kg7 14. Bc1 Ng8 15. Qe3 Bxe5 16. dxe5 Nc5 17. Nb5 Bc6 18. Nd6 Nb7 19. Ba3 Nxd6 20. exd6 Qd7 21. Rad1 Rae8 22. h4 f6 23. Qg3 Rf7 24. Bb2 e5 25. cxd5 Bxd5 26. Bxg6 hxg6 27. Rxd5 Ne7 28. Rdd1 Nf5 29. Qg4 Nxd6 30. Qxd7 Rxd7 31. Rd5 Kf7 32. Red1 Ke6 33. Ba3 Red8 34. g3 Ne4 35. Rxd7 Rxd7 36. Rxd7 Kxd7 37. Bb4 Ke6 38. Kg2 Kd5 39. g4 Ke6 40. h5 gxh5 41. f3 Ng5 42. gxh5 Kf5 43. Bd6 Kf4 44. h6 Nh7 45. b4 b5 46. Bc5 a6 47. Kf2 Kf5 48. Kg3 Ng5 49. a3 Nh7 1/2-1/2

[Event "Scarborough CC ch reserves"]
[Site "Toronto CAN"]
[Date "2007.02.08"]
[Round "6"]
[White "Shah, Vanshil"]
[Black "Chuderski, Jan"]
[Result "0-1"]
[WhiteElo "983"]
[BlackElo "1552"]
[PlyCount "90"]
[GameId "2160767910739568"]
[EventDate "2007.01.04"]
[EventType "swiss"]
[EventRounds "9"]
[EventCountry "CAN"]
[SourceTitle "EXT 2022"]
[Source "ChessBase"]
[SourceDate "2021.10.06"]
[SourceVersion "1"]
[SourceVersionDate "2021.10.06"]
[SourceQuality "1"]

1. e4 e6 2. d3 d6 3. Nc3 c6 4. Nf3 Nd7 5. Be2 Be7 6. O-O Ngf6 7. Bd2 O-O 8. Re1 Re8 9. Bf1 Bf8 10. Bg5 h6 11. Bxh6 gxh6 12. Nh4 Nh7 13. Qg4+ Qg5 14. h3 Qxg4 15. hxg4 Be7 16. Re3 Bxh4 17. Ne2 e5 18. Re1 Bg5 19. Rg3 Ndf6 20. f3 Bh4 21. Rh3 Bxe1 22. g5 hxg5 23. Rh6 Kg7 24. Rh1 Bd2 25. Ng3 Be3+ 26. Kh2 Bf4 27. d4 Nh5 28. dxe5 Nxg3 29. Rg1 Ne2+ 30. g3 Nxg1 31. gxf4 Nxf3+ 32. Kg2 Nh4+ 33. Kg1 gxf4 34. exd6 Rxe4 35. Bd3 Re3 36. Bf1 f3 37. Bc4 Be6 38. Bf1 Re1 39. Kf2 Rxf1+ 40. Kxf1 Rd8 41. c4 Rxd6 42. b4 Bxc4+ 43. Kg1 Rd2 44. a4 f2+ 45. Kh1 f1=Q# 0-1

[Event "Scarborough CC ch reserves"]
[Site "Toronto CAN"]
[Date "2007.02.08"]
[Round "6"]
[White "Tursman, Dick"]
[Black "Bellomo, Joe"]
[Result "1/2-1/2"]
[WhiteElo "1498"]
[BlackElo "1778"]
[PlyCount "129"]
[GameId "2160767910739569"]
[EventDate "2007.01.04"]
[EventType "swiss"]
[EventRounds "9"]
[EventCountry "CAN"]

1. e4 c5 2. Nc3 e6 3. Nf3 Nc6 4. Bc4 a6 5. a4 g6 6. d3 Bg7 7. Be3 d6 8. Qd2 b6 9. O-O Bb7 10. Rad1 Nd4 11. Bxd4 cxd4 12. Ne2 Ne7 13. Nfxd4 d5 14. exd5 Nxd5 15. c3 O-O 16. Nf3 Rc8 17. Bb3 Qc7 18. d4 a5 19. Bc2 Rfd8 20. Be4 Qc4 21. Qc2 Qc7 22. Qd2 Qd7 23. Rfe1 Qxa4 24. Nf4 Bh6 25. Bxd5 Bxd5 26. Ne5 Qe8 27. Ng4 Bg7 28. Nxd5 Rxd5 29. Re3 Rh5 30. Qd3 Qc6 31. Rh3 Rg5 32. Rg3 Rd8 33. Qe3 Rh5 34. Re1 Qd6 35. Qc1 Rc8 36. Qb1 Qc6 37. Ne5 Bxe5 38. dxe5 Rd8 39. Rd3 Rd5 40. Rxd5 Qxd5 41. Qe4 Qc5 42. Qd4 Qc7 43. g3 Rf5 44. f4 g5 45. Rd1 gxf4 46. gxf4 Kg7 47. Rd3 h5 48. Rg3+ Kh6 49. h4 Qc6 50. Kh2 Qc7 51. Qg1 Qc4 52. Rf3 Qe2+ 53. Qg2 Qe4 54. Qg8 Qe2+ 55. Qg2 Qxg2+ 56. Kxg2 f6 57. exf6 Rxf6 58. Rd3 Kg6 59. Rd8 Kf5 60. Kf3 e5 61. Rg8 exf4 62. Rg5+ Ke6 63. Rxh5 Kd6 64. Rb5 Kc6 65. c4 1/2-1/2

[Event "Scarborough CC ch reserves"]
[Site "Toronto CAN"]
[Date "2007.02.08"]
[Round "6"]
[White "Verde, Pino"]
[Black "Armstrong, Robert J"]
[Result "0-1"]
[WhiteElo "1782"]
[BlackElo "1793"]
[PlyCount "80"]
[GameId "2160767910739571"]
[EventDate "2007.01.04"]
[EventType "swiss"]
[EventRounds "9"]
[EventCountry "CAN"]
[SourceTitle "EXT 2022"]
[Source "ChessBase"]
[SourceDate "2021.10.06"]
[SourceVersion "1"]
[SourceVersionDate "2021.10.06"]
[SourceQuality "1"]

1. b3 Nf6 2. Bb2 g6 3. g4 Bg7 4. g5 Nh5 5. Bxg7 Nxg7 6. h4 e5 7. e4 d5 8. Nc3 c6 9. Qf3 d4 10. Bc4 Be6 11. Nd5 cxd5 12. exd5 Bf5 13. d6 Nc6 14. O-O-O Qxd6 15. Kb2 O-O-O 16. h5 e4 17. Qg2 Ne5 18. d3 Nxc4+ 19. dxc4 Nxh5 20. Ne2 d3 21. cxd3 exd3 22. Qf3 Qe5+ 23. Nc3 d2 24. Qe3 Qxe3 25. fxe3 Rhe8 26. Nd5 Be4 27. Rhf1 Bxd5 28. cxd5 Rxd5 29. Rxf7 Rxe3 30. Rf8+ Kc7 31. Rf7+ Kb6 32. Kc2 Re2 33. b4 Rxg5 34. a4 a6 35. Rxh7 Rd5 36. a5+ Ka7 37. Rf7 Rd6 38. Rc7 Ng3 39. b5 axb5 40. a6 Rc6+ 0-1

[Event "Scarborough CC ch reserves"]
[Site "Toronto CAN"]
[Date "2007.02.08"]
[Round "6"]
[White "Wu, Aaron"]
[Black "Zlatanov, Petar"]
[Result "1/2-1/2"]
[WhiteElo "1491"]
[BlackElo "1334"]
[PlyCount "82"]
[GameId "2160767910739572"]
[EventDate "2007.01.04"]
[EventType "swiss"]
[EventRounds "9"]
[EventCountry "CAN"]
[SourceTitle "EXT 2022"]
[Source "ChessBase"]
[SourceDate "2021.10.06"]
[SourceVersion "1"]
[SourceVersionDate "2021.10.06"]
[SourceQuality "1"]

1. e4 c5 2. Nf3 d6 3. d4 cxd4 4. Nxd4 Nf6 5. Nc3 g6 6. Be3 Bg7 7. f3 O-O 8. Qd2 Nc6 9. O-O-O Bd7 10. h4 h5 11. Bc4 Ne5 12. Bb3 Rc8 13. Rhg1 Nc4 14. Bxc4 Rxc4 15. Bh6 Rxd4 16. Qxd4 Bxh6+ 17. Kb1 Qb6 18. Qxb6 axb6 19. Nd5 Nxd5 20. Rxd5 Be6 21. Rb5 Be3 22. Re1 Bc4 23. Rb4 Bd2 24. Rxc4 Bxe1 25. Rc7 Bxh4 26. Rxb7 Bf2 27. Rxe7 Bc5 28. Rd7 b5 29. c3 b4 30. cxb4 Bxb4 31. a3 Bc5 32. b4 Rb8 33. Kc2 Bxb4 34. axb4 Rxb4 35. Rxd6 Kg7 36. Rd2 g5 37. Kd3 Kg6 38. Ke3 h4 39. Kf2 f6 40. Kg1 Kh5 41. Kh2 Rb5 1/2-1/2

[Event "Scarborough CC ch reserves"]
[Site "Toronto CAN"]
[Date "2007.02.15"]
[Round "7"]
[White "Sherman, Joshua"]
[Black "Perez, Michael"]
[Result "1/2-1/2"]
[WhiteElo "1700"]
[BlackElo "1673"]
[PlyCount "61"]
[GameId "2160767910739573"]
[EventDate "2007.01.04"]
[EventType "swiss"]
[EventRounds "9"]
[EventCountry "CAN"]
[SourceTitle "EXT 2022"]
[Source "ChessBase"]
[SourceDate "2021.10.06"]
[SourceVersion "1"]
[SourceVersionDate "2021.10.06"]
[SourceQuality "1"]

1. e4 c5 2. d4 cxd4 3. c3 dxc3 4. Nxc3 g6 5. Qd4 Nf6 6. e5 Nc6 7. Qf4 Nh5 8. Qe3 Ng7 9. Bd3 Nb4 10. Bb1 d6 11. Nf3 Bf5 12. O-O Bxb1 13. Rxb1 Nf5 14. Qe4 Nc6 15. Rd1 Bg7 16. e6 f6 17. Nh4 Nxh4 18. Qxh4 Qc8 19. Nd5 O-O 20. Bh6 Rb8 21. Bxg7 Kxg7 22. Qe4 Qd8 23. Rbc1 Rc8 24. Rc3 Ne5 25. Rxc8 Qxc8 26. Nxe7 Qxe6 27. Nd5 Qg4 28. Nc3 Qxe4 29. Nxe4 Rd8 30. Rxd6 Rxd6 31. Nxd6 1/2-1/2

[Event "Scarborough CC ch reserves"]
[Site "Toronto CAN"]
[Date "2007.02.22"]
[Round "8"]
[White "Armstrong, Robert J"]
[Black "Douglas, Steven1"]
[Result "1-0"]
[WhiteElo "1783"]
[BlackElo "1589"]
[PlyCount "35"]
[GameId "2160767910739574"]
[EventDate "2007.01.04"]
[EventType "swiss"]
[EventRounds "9"]
[EventCountry "CAN"]
[SourceTitle "EXT 2022"]
[Source "ChessBase"]
[SourceDate "2021.10.06"]
[SourceVersion "1"]
[SourceVersionDate "2021.10.06"]
[SourceQuality "1"]

1. d4 Nf6 2. c4 g6 3. Nc3 d6 4. e4 Bg7 5. f3 a5 6. Be3 Na6 7. g4 c5 8. d5 Qb6 9. Qd2 O-O 10. Rb1 Rd8 11. Bh6 Bh8 12. h4 Bd7 13. Nge2 e6 14. h5 exd5 15. hxg6 fxg6 16. g5 Ne8 17. Qxd5+ Be6 18. Qxe6# 1-0

[Event "Scarborough CC ch reserves"]
[Site "Toronto CAN"]
[Date "2007.02.22"]
[Round "8"]
[White "Ben Avraham, Mark"]
[Black "Dattani, Dinesh"]
[Result "0-1"]
[WhiteElo "1113"]
[BlackElo "1376"]
[PlyCount "75"]
[GameId "2160767910739575"]
[EventDate "2007.01.04"]
[EventType "swiss"]
[EventRounds "9"]
[EventCountry "CAN"]
[SourceTitle "EXT 2022"]
[Source "ChessBase"]
[SourceDate "2021.10.06"]
[SourceVersion "1"]
[SourceVersionDate "2021.10.06"]
[SourceQuality "1"]

1. d4 Nf6 2. Nf3 d5 3. e3 e6 4. Bd3 Be7 5. Nbd2 Nbd7 6. O-O O-O 7. Re1 b6 8. e4 dxe4 9. Nxe4 h6 10. c3 Bb7 11. Bd2 c5 12. Qc1 Nxe4 13. Bxe4 Bxe4 14. Rxe4 Nf6 15. Rh4 Nh7 16. Rh5 cxd4 17. Bxh6 Bf6 18. Bf4 dxc3 19. Be5 cxb2 20. Qxb2 Bxe5 21. Qxe5 Qf6 22. Re1 Rac8 23. Qg3 Qb2 24. Qh3 Qc2 25. Ng5 Qd2 26. Nf3 Rc1 27. Kf1 Qd3+ 28. Kg1 Rxe1+ 29. Nxe1 Qxh3 30. Rxh3 Rc8 31. Rd3 Nf6 32. Kf1 Rc1 33. Ke2 Ra1 34. Rd2 Nd5 35. Nd3 Nc3+ 36. Ke3 Rxa2 37. Rxa2 Nxa2 38. f3 0-1

[Event "Scarborough CC ch reserves"]
[Site "Toronto CAN"]
[Date "2007.02.22"]
[Round "8"]
[White "Graham, John"]
[Black "Xia, Linda"]
[Result "1-0"]
[WhiteElo "1481"]
[BlackElo "1367"]
[PlyCount "97"]
[GameId "2160767910739576"]
[EventDate "2007.01.04"]
[EventType "swiss"]
[EventRounds "9"]
[EventCountry "CAN"]
[SourceTitle "EXT 2022"]
[Source "ChessBase"]
[SourceDate "2021.10.06"]
[SourceVersion "1"]
[SourceVersionDate "2021.10.06"]
[SourceQuality "1"]

1. c4 c5 2. g3 Nc6 3. Bg2 b6 4. e3 Bb7 5. Ne2 Nf6 6. Nbc3 e6 7. O-O Be7 8. d4 d5 9. cxd5 exd5 10. dxc5 Bxc5 11. Nxd5 Nxd5 12. Bxd5 O-O 13. a3 Rb8 14. b4 Nxb4 15. Bxb7 Rxb7 16. axb4 Bxb4 17. Qb3 Be7 18. Ba3 Bxa3 19. Qxa3 Qf6 20. Nd4 Qh6 21. Qa6 Rd7 22. Rfc1 Rb8 23. Rc8+ Rd8 24. Rxb8 Rxb8 25. Qxa7 Rf8 26. Qb7 Qf6 27. Rb1 h6 28. Qxb6 Qg5 29. Qb5 Qg6 30. Nf5 Kh7 31. Ne7 Qe4 32. Qf5+ Qxf5 33. Nxf5 g6 34. Nd4 h5 35. Rb7 Kg8 36. Nf3 f6 37. h3 Rf7 38. Rxf7 Kxf7 39. g4 hxg4 40. hxg4 Ke6 41. Kg2 Kd5 42. Nd2 Ke6 43. f4 Kf7 44. Kf3 Ke6 45. Ke4 Kf7 46. Kd5 Ke7 47. Ne4 Kf7 48. Kd6 Kg7 49. Ke6 1-0

[Event "Scarborough CC ch reserves"]
[Site "Toronto CAN"]
[Date "2007.02.22"]
[Round "8"]
[White "London, John"]
[Black "Blackman, Gord"]
[Result "1-0"]
[WhiteElo "1780"]
[BlackElo "1633"]
[PlyCount "85"]
[GameId "2160767910739578"]
[EventDate "2007.01.04"]
[EventType "swiss"]
[EventRounds "9"]
[EventCountry "CAN"]
[SourceTitle "EXT 2022"]
[Source "ChessBase"]
[SourceDate "2021.10.06"]
[SourceVersion "1"]
[SourceVersionDate "2021.10.06"]
[SourceQuality "1"]

1. Nf3 g6 2. d4 Nf6 3. c4 Bg7 4. Nc3 d6 5. e4 Bg4 6. Be2 c6 7. h3 Bxf3 8. Bxf3 O-O 9. O-O Nbd7 10. b4 e5 11. Be3 Qe7 12. Rb1 Rfc8 13. Be2 c5 14. bxc5 dxc5 15. d5 b6 16. Qd2 Rf8 17. Bg5 Qe8 18. f3 a6 19. Bd1 Qc8 20. Ba4 Ra7 21. Bxf6 Bxf6 22. Bxd7 Qxd7 23. Rxb6 Bd8 24. Rc6 Be7 25. Rb1 Rc8 26. Rcb6 Bd8 27. R6b2 Rcc7 28. Qc2 Rcb7 29. Qa4 Rxb2 30. Rxb2 Kg7 31. Qxd7 Rxd7 32. Na4 Rc7 33. Rb8 Be7 34. Rb6 Ra7 35. Rc6 Rb7 36. d6 Bg5 37. Rxa6 Rb4 38. d7 Rxc4 39. Ra8 Be7 40. Nb6 Rc1+ 41. Kf2 Bh4+ 42. Ke2 Re1+ 43. Kd2 1-0

[Event "Scarborough CC ch reserves"]
[Site "Toronto CAN"]
[Date "2007.02.22"]
[Round "8"]
[White "Mesiti, Silvano"]
[Black "Bellomo, Joe"]
[Result "0-1"]
[WhiteElo "1782"]
[BlackElo "1778"]
[PlyCount "58"]
[GameId "2160767910739579"]
[EventDate "2007.01.04"]
[EventType "swiss"]
[EventRounds "9"]
[EventCountry "CAN"]
[SourceTitle "EXT 2022"]
[Source "ChessBase"]
[SourceDate "2021.10.06"]
[SourceVersion "1"]
[SourceVersionDate "2021.10.06"]
[SourceQuality "1"]

1. e4 c5 2. Nf3 d6 3. d4 cxd4 4. Nxd4 Nf6 5. Nc3 a6 6. Bc4 e6 7. O-O Qc7 8. Bb3 Be7 9. Re1 O-O 10. Bg5 b5 11. a3 Nc6 12. Qd3 Ne5 13. Qg3 Nc4 14. Bxc4 Qxc4 15. Rad1 Bb7 16. Bh6 Ne8 17. Bf4 e5 18. Bxe5 dxe5 19. Qxe5 Bf6 20. Qf5 Bxd4 21. Qd7 Bxc3 22. bxc3 Qc6 23. Qe7 Bc8 24. Rd8 Be6 25. Rd3 Qc7 26. Qb4 Qc8 27. Rg3 Bc4 28. Qb1 Nf6 29. Qc1 g6 0-1

[Event "Scarborough CC ch reserves"]
[Site "Toronto CAN"]
[Date "2007.02.22"]
[Round "8"]
[White "Moran, Mario"]
[Black "Sherman, Joshua"]
[Result "1-0"]
[WhiteElo "1751"]
[BlackElo "1700"]
[PlyCount "93"]
[GameId "2160767910739580"]
[EventDate "2007.01.04"]
[EventType "swiss"]
[EventRounds "9"]
[EventCountry "CAN"]
[SourceTitle "EXT 2022"]
[Source "ChessBase"]
[SourceDate "2021.10.06"]
[SourceVersion "1"]
[SourceVersionDate "2021.10.06"]
[SourceQuality "1"]

1. e4 e5 2. Nf3 Nc6 3. Bb5 a6 4. Ba4 Nf6 5. O-O Nxe4 6. d4 b5 7. Bb3 d5 8. dxe5 Be6 9. Be3 Be7 10. c3 O-O 11. Nbd2 Nc5 12. Bc2 Nd7 13. Bd4 Nxd4 14. Nxd4 Nxe5 15. Re1 Qd6 16. Bxh7+ Kxh7 17. Qh5+ Kg8 18. Nxe6 fxe6 19. Qxe5 Qxe5 20. Rxe5 Rf6 21. Rae1 Kf7 22. Nf3 Bd6 23. R5e2 Bf4 24. g3 Bxg3 25. Ng5+ Kg6 26. hxg3 Kxg5 27. Rxe6 Kg6 28. Re7 Raf8 29. R1e6 R8f7 30. f4 Rxe6 31. Rxe6+ Rf6 32. Re7 Rf7 33. Re8 Rf6 34. Rd8 Rd6 35. Rxd6+ cxd6 36. g4 Kf7 37. Kf2 d4 38. cxd4 a5 39. Ke3 Ke6 40. f5+ Kf6 41. Kf4 Kf7 42. Kg5 d5 43. b3 a4 44. b4 a3 45. Kf4 Ke8 46. Ke5 Kd7 47. g5 1-0

[Event "Scarborough CC ch reserves"]
[Site "Toronto CAN"]
[Date "2007.03.08"]
[Round "9"]
[White "Bellomo, Joe"]
[Black "Armstrong, Robert J"]
[Result "0-1"]
[WhiteElo "1778"]
[BlackElo "1793"]
[PlyCount "70"]
[GameId "2160767910739583"]
[EventDate "2007.01.04"]
[EventType "swiss"]
[EventRounds "9"]
[EventCountry "CAN"]
[SourceTitle "EXT 2022"]
[Source "ChessBase"]
[SourceDate "2021.10.06"]
[SourceVersion "1"]
[SourceVersionDate "2021.10.06"]
[SourceQuality "1"]

1. e4 g6 2. Nf3 Bg7 3. d4 d6 4. Nc3 Nf6 5. Be2 O-O 6. O-O c6 7. a4 Nbd7 8. Re1 e5 9. Bg5 exd4 10. Nxd4 Qc7 11. Nf3 Nc5 12. Bf1 Re8 13. Nd2 Bg4 14. Qc1 d5 15. f3 Bd7 16. e5 Rxe5 17. f4 Rxe1 18. Qxe1 Re8 19. Qc1 Nfe4 20. Ncxe4 Nxe4 21. Nxe4 Rxe4 22. Kh1 h6 23. Bh4 Qxf4 24. Qxf4 Rxf4 25. Bg3 Rb4 26. Re1 Rxb2 27. Bd3 Bf6 28. h3 Ra2 29. Kh2 Rxa4 30. Rf1 Kg7 31. Bd6 b5 32. Bf4 Rxf4 33. Rxf4 Be5 34. Kg3 g5 35. Kf2 Bxf4 0-1

[Event "Scarborough CC ch reserves"]
[Site "Toronto CAN"]
[Date "2007.03.08"]
[Round "9"]
[White "Blackman, Gord"]
[Black "Smith, Maurice"]
[Result "1/2-1/2"]
[WhiteElo "1633"]
[BlackElo "1771"]
[PlyCount "70"]
[GameId "2160767910739584"]
[EventDate "2007.01.04"]
[EventType "swiss"]
[EventRounds "9"]
[EventCountry "CAN"]
[SourceTitle "EXT 2022"]
[Source "ChessBase"]
[SourceDate "2021.10.06"]
[SourceVersion "1"]
[SourceVersionDate "2021.10.06"]
[SourceQuality "1"]

1. c4 Nf6 2. Nc3 c5 3. Nf3 Nc6 4. g3 g6 5. Bg2 Bg7 6. O-O O-O 7. d3 d6 8. a3 Bd7 9. h3 Qc8 10. Kh2 Ne8 11. e4 Nc7 12. Be3 Ne6 13. Qd2 Ned4 14. Bxd4 Nxd4 15. Nxd4 Bxd4 16. Ne2 Bg7 17. f4 Rb8 18. Nc3 e6 19. b4 b6 20. b5 Qd8 21. Rac1 Bc8 22. Ne2 Bb7 23. f5 exf5 24. exf5 Bxg2 25. Kxg2 d5 26. Rc2 d4 27. Nf4 Qd7 28. Nd5 Qb7 29. Kh2 Rfe8 30. f6 Bf8 31. Qf2 Re6 32. Re2 Rbe8 33. Rfe1 Qd7 34. Kg2 Bd6 35. h4 h5 1/2-1/2

[Event "Scarborough CC ch reserves"]
[Site "Toronto CAN"]
[Date "2007.03.08"]
[Round "9"]
[White "Douglas, Steve"]
[Black "Mesiti, Silvano"]
[Result "1/2-1/2"]
[Annotator "Armstrong,Robert"]
[WhiteElo "1589"]
[BlackElo "1782"]
[PlyCount "93"]
[GameId "2160767740575964"]
[EventDate "2007.01.04"]
[EventType "swiss"]
[EventRounds "9"]
[EventCountry "CAN"]

1. e4 e5 2. Nf3 d6 $14 3. Bc4 Be7 4. d4 exd4 5. Qxd4 $2 $11 (5. Nxd4 Nf6 6. Nc3 Nbd7 $14) 5... Nf6 6. Nh4 $4 $17 (6. O-O Nc6 7. Qe3 Be6 $11) 6... O-O $2 $15 (6... Nc6 7. Bb5 d5 8. exd5 O-O 9. Bxc6 bxc6 10. O-O cxd5 $17) 7. Nf3 Nc6 8. Qe3 Ng4 (8... d5 9. exd5 Nxd5 10. Qd2 Nb6 11. Qxd8 Bxd8 12. Bb3 Re8+ 13. Be3 Bf6 14. Nc3 Na5 $15) 9. Qe2 Bf6 10. c3 (10. Nbd2 Nge5 11. Nxe5 Nxe5 12. Bb3 a5 $15) 10... Re8 (10... Nge5 $2 11. Nxe5 Nxe5 12. Bb3 Bg5 $11) 11. O-O Nge5 12. Nxe5 Nxe5 13. Bb3 Be6 $4 $14 (13... Qe7 14. Nd2 a5 15. f4 Bg4 16. Qe3 Nd7 $15) 14. Bc2 $4 $19 {loses the exchange} (14. Bxe6 Rxe6 15. Be3 d5 16. Nd2 Nc6 $14) 14... Bc4 15. Qd1 Bxf1 16. Kxf1 Qd7 17. Nd2 Qg4 $2 $17 (17... Bg5 18. Kg1 Qe6 19. Nf1 Bxc1 20. Qxc1 Qf6 $19) 18. f3 $2 $19 (18. Qxg4 Nxg4 19. h3 Ne5 20. f4 Nd7 $17) 18... Qh4 19. Kg1 Ng6 20. Nf1 Be5 $2 $17 (20... Rad8 21. Be3 Bg5 22. Bf2 Qh6 $19) 21. f4 $2 $19 {this should lose this P} (21. g3 Qh5 22. f4 Qxd1 23. Bxd1 Bf6 $17) 21... Bf6 $4 $15 {simply winning the fP is best} (21... Bxf4 22. Bxf4 Qxf4 23. Qe2 Qg5 $19) 22. Qf3 $2 $17 (22. Ne3 Be7 23. g3 Qh3 24. Ng4 Rad8 $15) 22... Bd8 (22... c6 23. Be3 Bd8 24. Qf2 Qxf2+ 25. Kxf2 Bb6 $17) 23. Ng3 $2 $19 (23. a4 c6 24. a5 b6 25. a6 Bc7 $17) 23... Qe7 (23... c6 24. Bd2 d5 25. exd5 cxd5 $19) 24. Qg4 Qh4 (24... c6 $2 25. Be3 Qh4 26. Qxh4 Nxh4 $17) 25. Qf3 Qe7 $2 $17 (25... c6 26. Bd2 Bb6+ 27. Kh1 d5 28. exd5 cxd5 $19) 26. Qg4 Qf8 27. Nf5 Kh8 $2 $15 (27... c6 28. Be3 Bb6 29. Re1 Rad8 $17) 28. Be3 Bf6 29. Qh5 a6 30. Rf1 Ne7 31. Nd4 g6 32. Qh3 Nc6 $2 $11 {Steve has been slowly manoeuveuring his pieces onto better squares, and massing them against the Bl K-side position} (32... b5 33. a4 c5 34. Nf3 Bg7 $15) 33. Ne2 $4 $17 (33. Nxc6 bxc6 34. e5 Bg7 $11) 33... Qe7 34. Rf3 $4 $11 (34. Nd4 $17) 34... Bg7 35. f5 (35. b3 $2 Rad8 36. Qg4 d5 37. e5 Qa3 $19) 35... Ne5 36. Rg3 Kg8 (36... c6 37. Nf4 Qd7 38. Qh4 Qd8 39. Qh3 Qc8 $11) 37. Nf4 Qd7 38. Nd5 $4 $17 (38. Bb3 a5 39. Nd3 Kh8 (39... Nxd3 $4 40. fxg6 Qxh3 41. gxf7+ Kh8 42. fxe8=Q+ Rxe8 43. Rxh3 Nxb2 $16) 40. f6 Qxh3 41. Nxe5 Qh5 42. Nxf7+ Kg8 43. Ne5+ Kh8 44. Nf7+ $11) 38... a5 $4 $16 {Steve has obtained a " clear " advantage} (38... Qb5 39. Bb3 Qe2 40. Kh1 c6 41. fxg6 hxg6 42. Nc7 Qe1+ 43. Bg1 Qxe4 $17) 39. Bh6 $4 $11 {But Steve follows it up incorrectly} (39. fxg6 Qxh3 40. Rxh3 Rac8 41. gxh7+ Kh8 42. Bg5 Ng6 $16) 39... a4 $4 $18 {Silvano ignores the attack at his peril; Steve gets a " winning " advantage} (39... Qb5 40. Bxg7 Qe2 41. Re3 Qxc2 42. fxg6 Qd1+ 43. Kf2 Ng4+ 44. Kg3 fxg6 45. Qxg4 Qxg4+ 46. Kxg4 c6 47. Nb6 Kxg7 48. Nxa8 Rxa8 $11) (39... Bh8 $4 $18) 40. Qh4 $2 $18 {Steve misses winning Bl's Q} (40. Bxg7 Kxg7 41. f6+ Kh8 42. Qh6 Rg8 43. Rh3 Qxh3 44. Qxh3 c6 45. Ne7 b5 46. c4 bxc4 47. Nxg8 Rxg8 $18) 40... Qd8 {both players were now getting into time trouble} 41. Bg5 Qd7 {( 12.26 )} (41... Qb8 $2 42. Nf6+ Kf8 43. Qxh7 Qa7+ 44. Kf1 Ke7 45. Qxg7 gxf5 46. Rd3 fxe4 47. Rd4 Qa6+ 48. Ke1 Qa5 $18 {( 21.50 )}) 42. Bf6 $2 $18 {( 2.68 ) again Steve misses winning Bl's Q} (42. Nf6+ Kf8 (42... Bxf6 $2 43. Bxf6 {threatening Qh6 and mate}) 43. Nxh7+ Kg8 44. Nf6+ Kf8 45. Nxd7+ Nxd7 $19) 42... Ra5 $2 $18 (42... c6 43. Bxg7 Kxg7 44. f6+ Kh8 45. Qh6 Rg8 46. Ne3 g5 47. Rh3 Qxh3 48. Qxh3 Rg6 $18) 43. Bxg7 Kxg7 44. fxg6 $4 $14 {Steve misses the winning attack, again winning Bl's Q} (44. f6+ Kh8 45. Rh3 Qxh3 46. Qxh3 b5 $18) 44... fxg6 45. Rh3 $2 $11 {Steve misses winning the exchange} (45. Nf6 Qb5 46. Nxe8+ Qxe8 $14) 45... Kf8 $4 $16 (45... h5 46. Nf6 Qd8 47. Nxe8+ Qxe8 $11) 46. Nf6 Qg7 (46... Qf7 47. Nxe8 Kxe8 $16) 47. Nxh7+ $2 $14 {in the time pressure, Steve goes for the draw , offers it , and Silvano accepts.} (47. b4 Ra6 48. Nxe8 Kxe8 49. Qxh7 Qxh7 50. Rxh7 Kd8 $16) 1/2-1/2